01754nab a22002537a 4500999001500000003000400015005001700019008004100036040001100077100002600088245008200114260007300196300001300269500015400282505066900436505008901105650003601194650002901230650002201259650002601281650002901307773015101336942001301487 c5314d5314OSt20250218123248.0190603e xxum|||| |||| 00| 0 spa d cPJ-TDF 96364aMoreno, Valeria10aVigencia del nominalismo. Deuda dineraria y deuda de valor /cValeria Moreno. cCiudad Autónoma de Buenos Aires :aThomson Reuters La Ley, b2024. ap. 33-41 aCita: TR LALEY AR/DOC/1981/2024. Publicado en: R.C.C. y C. 2024 (Septiembre-Octubre). EDICIÓN ESPECIAL: XXIX Jornadas Nacionales de Derecho Civil. aSumario: I. La deuda dineraria.— II. El principio nominalista.— III. La ley de convertibilidad del austral y la reafirmación del principio nominalista.— IV. La obligación de valor y la depreciación monetaria en plena vigencia del principio nominalista.— V. Una vez liquidada la deuda de valor, ¿la deuda continúa con esa naturaleza o se transforma en deuda dineraria? Debate doctrinario.— VI. Toma de posición del art. 772 del Cód. Civ. y Com.— VII. El planteo de inconstitucionalidad del art. 7° de la Ley de Convertibilidad. La doctrina y la postura de la Suprema Corte de Justicia de la Provincia de Buenos Aires en un reciente fallo.  t¿Te interesa el texto completo? Solicitalo al correo: koha@justierradelfuego.gov.ar 093790aACTUALIZACIÓN MONETARIA 09292aECONOMIA Y FINANZAS 094601aINFLACIÓN 096312aCONVERTIBILIDAD 094597aCONSTITUCIONALIDAD0 0271393170dCiudad Autónoma de Buenos Aires : Thomson Reuters La Ley, 2015-tRevista Código Civil y Comercial. Nº 5 - Septiembre-Octubre 2024 2udccANA